000 00919nam a2200277Ia 4500
008 160803s9999 xx 000 0 und d
020 _a978-0590494397
100 _aAdler, David A.
245 2 _aA picture book of Jesse Owens /
245 _cDavid Adler ; illustrated by Robert Casilla.
260 _aNew York :
260 _bScholastic Inc.
260 _c1992
300 _a29 unnumbered pages :
300 _bcolor illustrations ;
300 _c21 x 26 cm
650 _aAfrican American track and field athletes -- Biography --
650 _aOwens, Jesse, -- 1913-1980 -- Pictorial works --
650 _aOwens, Jesse, -- 1913-1980.
650 _aTrack and field athletes -- United States -- Biography -- Pictorial works --
650 _aTrack and field athletes.
650 _xJuvenile literature.
650 _xJuvenile literature.
650 _xJuvenile literature.
700 _a930
999 _c298878
_d298878